Statistics for London Quiz

Click here to take the quiz!

General Stats

  • This quiz has been taken 41 times
  • The average score is 11 of 15

Answer Stats

HintAnswer% Correct
Name of the famous palace where are monarch resides located in the cityBuckingham Palace
100%
True or False? London City Airport is not an international airport ( Type "True" or "False" )False
100%
Name of the sovereign country London is located inUnited Kingdom
97%
Name of the famous store beginning with H located in LondonHarrods
95%
Name of the tallest building in LondonThe Shard
92%
Name of the London Borough which a parliament is located inWestminster
92%
Name of the train system which goes through LondonLondon Underground
89%
Name of the wharf which is located just outside the heart of London: ______ WharfCanary
84%
Rank London is in the largest cities of the above#1
79%
Name of the detective film which was set in LondonSherlock Holmes
79%
Largest railway station in LondonLondon Waterloo
66%
Number of Boroughs which London is made from32
58%
Name of the poorly built area of LondonEast End
37%
Name of the London borough the above is located inSouthwark
37%
Name of the second tallest building in LondonOne Canada Square
18%

Score Distribution

Percentile by Number Answered

Percent of People with Each Score

Your Score History

You have not taken this quiz